00601 2200229 4500001002100000005001700021008004100038020001800079035002400097041000800121043001200129082001100141090002200152100001700174245005500191250001000246260003600256504001400292650003100306850001200337999002200349YOGYA-0511000000076020110511080609.0 ind  a979-8477-09-x 0010-051100000000759 aInd aYOPDYOG a808.02 aDEP 808.02bSri N aSRI HARYATMO aNursjahid Purnomo dan karya-karyanyacSri Haryatmo aCet.1 aaYogyakartabBalai Bahasac2006 ahlm 75-77 aKepengarangan - Penelitian aYOPDYOG aCB-D.11 2006-1076